| 000 | 01030nam a2200289 a 4500 | ||
|---|---|---|---|
| 001 | 000048023 | ||
| 003 | OSt | ||
| 005 | 20210517085850.0 | ||
| 008 | 181101s2017 dr 000 f spa d | ||
| 020 | _a9789945503197 | ||
| 040 |
_aBPMSU _bspa _cBPMSU |
||
| 082 |
_aRD863.4 _bC422s 2017 |
||
| 100 | 1 |
_aCestero, Tulio Manuel, _d1877-1955. |
|
| 245 | 1 | 3 |
_aLa sangre : _b(una vida bajo la tiranía) / _cTulio M. Cestero ; prologo, de León David. |
| 260 |
_aSanto Domingo : _bMinisterio de Cultura, _c2017. |
||
| 300 |
_axxvii, 228 p. ; _c19 cm. |
||
| 490 | 0 |
_aBiblioteca Dominicana Básica ; _aNarrativa _v5 |
|
| 500 | _aIncluye datos biográficos del autor en las solapas. | ||
| 500 | _aIncluye referencias bibliográficas y notas al pie de las páginas. | ||
| 590 | _aInventariado, 2021/VM | ||
| 650 | 4 | _aNovela histórica dominicana. | |
| 650 | 4 | _aLiteratura dominicana. | |
| 700 |
_aDavid, León, _d1945 - _epról. |
||
| 710 | _aMinisterio de Cultura (República Dominicana) | ||
| 910 | _aVMateo | ||
| 942 |
_2ddc _cBK |
||
| 999 |
_c13502 _d13502 |
||